How to Expand, modernise and repair PCS and compatibles (Record no. 76370)

MARC details
000 -LEADER
fixed length control field 00690nam a2200157 a 4500
008 - FIXED-LENGTH DATA ELEMENTS--GENERAL INFORMATION
fixed length control field 120416s0000 ||||||||||||||||| || u
020 ## - INTERNATIONAL STANDARD BOOK NUMBER
International Standard Book Number 0859342166
050 ## - LIBRARY OF CONGRESS CALL NUMBER
Classification number TK 7887 Pen
100 ## - MAIN ENTRY--PERSONAL NAME
Personal name Penfold, R. A
245 10 - TITLE STATEMENT
Title How to Expand, modernise and repair PCS and compatibles
260 ## - PUBLICATION, DISTRIBUTION, ETC.
Place of publication, distribution, etc. London
Name of publisher, distributor, etc. Bernard Babani
Date of publication, distribution, etc. 1990
300 ## - PHYSICAL DESCRIPTION
Extent 156 pages : illustrations
350 ## -
-- 0.00
995 ## -
-- ANNEX COLLECTION (Main Library)
-- 0.00
-- 725006
-- CBU-MAIN LIBRARY (Kitwe)
-- 1
-- 4.95
-- TK 7887 Pen
-- AVAILABLE
-- 017076
-- Annex Low-Usage Collection
995 ## -
-- MAIN LIBRARY OPEN ACCESS
-- 0.00
-- 725005
-- CBU-MAIN LIBRARY (Kitwe)
-- 2
-- 4.95
-- TK 7887 Pen
-- AVAILABLE
-- 017077
-- Main Library Open Access Collection
999 ## -
-- 76370
-- 76370
Holdings
Withdrawn status Lost status Source of classification or shelving scheme Damaged status Not for loan Permanent Location Current Location Shelving location Date acquired Total Checkouts Full call number Barcode Date last seen Copy number Price effective from Koha item type
          CBU-MAIN LIBRARY, KITWE. CBU-MAIN LIBRARY, KITWE.   04/25/2023   TK 7887 Pen 017076 04/25/2023 1 04/25/2023 MONOGRAPH
          CBU-MAIN LIBRARY, KITWE. CBU-MAIN LIBRARY, KITWE.   04/25/2023   TK 7887 Pen 017077 04/25/2023 2 04/25/2023 MONOGRAPH